|
|
|
|
| LEADER |
00000ckm a2200000 a 4500 |
| 001 |
vtls001233417 |
| 003 |
SK-MaSNL |
| 005 |
20260331203334.0 |
| 007 |
kf co |
| 008 |
230718q1987 xr g 0kuslo |
| 015 |
|
|
|a SNBG1987
|
| 035 |
|
|
|a SNK000180425
|
| 035 |
|
|
|a urn:nbn:sk:snk-km3lwe2
|
| 035 |
|
|
|a C4C4EFB6-6388-48F1-A383-6C4FC83E9F85
|
| 035 |
|
|
|a urn:nbn:sk:snk-km00draj
|
| 040 |
|
|
|a SNK
|b slo
|c SNK
|e AACR2
|
| 041 |
0 |
|
|a slo
|
| 043 |
|
|
|a e-xo---
|
| 044 |
|
|
|a xr
|c CZ
|
| 072 |
|
7 |
|a 913
|x Regionálna geografia
|2 konspekt
|
| 080 |
|
|
|a 913(437.6)
|2 2011
|
| 080 |
|
|
|a 640.412
|2 2011
|
| 080 |
|
|
|a 640.43
|2 2011
|
| 080 |
|
|
|a 711.455.8
|2 2011
|
| 080 |
|
|
|a 908.437.679(084.121)
|2 1981
|
| 100 |
1 |
|
|a Tkáč, A.
|c (fotograf)
|4 pht
|9 435281
|
| 245 |
1 |
0 |
|a Zariadenia Jednoty Trebišov
|h grafika
|b Hotel Tokaj : Reštaurácia Byšta : Autokemping Mária : Pioniersky tábor Červená
|c foto A. Tkáč
|
| 260 |
|
|
|a [Praha]
|b Panorama
|c [1987?]
|e Č. Kostelec
|f SG
|
| 300 |
|
|
|a 1 pohľadnica (4 čiastkové pohľady)
|b farebná
|c 11 x 15 cm
|
| 500 |
|
|
|a Rok vydania určený na základe prírastkového čísla
|
| 520 |
8 |
|
|a Zobrazenie: V bielom orámovani pohľady na budovu Hotela Tokaj, na budovu reštaurácie, autokempingu a pionierského tábora. V strede je znak podniku Jednota
|
| 650 |
0 |
7 |
|a hotely
|2 SNKPH
|9 18422
|
| 650 |
0 |
7 |
|a reštaurácie
|2 SNKPH
|9 23080
|
| 650 |
0 |
7 |
|a pionierske tábory
|2 SNKPH
|9 55199
|
| 650 |
0 |
7 |
|a autokempingy
|2 SNKPH
|9 784
|
| 651 |
|
7 |
|a Trebišov (Slovensko)
|2 SNKPHgeo
|9 26686
|
| 655 |
|
7 |
|a miestne pohľadnice
|2 SNKPH
|9 70510
|
| 852 |
|
|
|a Slovenská národná knižnica
|
| 954 |
|
|
|a pohľadnice pôvodné (slovenské)
|2 lita
|
| 954 |
|
|
|a pohľadnice cudzojazyčné (svetové)
|2 lita
|
| 958 |
|
|
|a GBN
|
| 958 |
|
|
|a TL
|
| 958 |
|
|
|a GC
|
| 958 |
|
|
|a OND
|
| 958 |
|
|
|a EUIPO
|
| 999 |
|
|
|c 688781
|d 690711
|
| 952 |
|
|
|a SNK
|b SNK
|y PREZ
|7 0
|p 17A1287098
|o snkSP 138321
|i snk1839/87
|0 0
|1 0
|4 0
|d 2019-02-14
|f 1
|l 0
|r 2026-02-23 20:19:50
|w 2026-02-23
|
| 952 |
|
|
|a SNK
|b SNK
|y PREZ
|7 0
|p 17A1287162
|o snkSP 138321 D1
|i snk1840/87
|0 0
|1 0
|4 0
|d 2019-02-14
|l 0
|r 2026-02-23 20:19:50
|w 2026-02-23
|